| 000 | 00698nam a2200193Ii 4500 | ||
|---|---|---|---|
| 003 | JO-AjNU | ||
| 008 | 230605s9999||||xx |||||||||||||| ||und|| | ||
| 040 |
_aJO-AjNU _bara _erda _cJO-AjNU |
||
| 041 | _aara | ||
| 050 | 1 | 4 | _aHT151 .A222 1994 |
| 100 | 3 |
_aعبدالعاطي، سيد, _eauthor _937812 |
|
| 245 | 0 | 0 | _aعلم الاجتماع الحضري: مداخل نظرية |
| 264 | 3 | 1 | _aالاسكندرية: دار المعرفة الجامعية، 1994 |
| 300 |
_a469ص _bيحتوي على ببلوغرافية من 451-469ص |
||
| 336 |
_atext _btxt _2rdacontent |
||
| 337 |
_aunmediated _bn _2rdamedia |
||
| 338 |
_avolume _bnc _2rdacarrier |
||
| 650 | 4 |
_aعلم اجتماع حضري _937813 |
|
| 999 |
_aA15834 _c19402 _d19402 |
||